LEADER 00863nam0-22002891--450- 001 990009137900403321 005 20100125123635.0 035 $a000913790 035 $aFED01000913790 035 $a(Aleph)000913790FED01 035 $a000913790 100 $a20100125d1963----km-y0itay50------ba 101 0 $aita$alat 102 $aIT 105 $ay-------001yy 200 1 $a<>parentela$e[saggio giuridico sull'impedimento di parentela nel diritto canonico e civile]$fGiuseppe Sansotta 210 $aS. Maria degli Angeli, Assisi$cTip. Porziuncola$dstampa 1963 215 $a41 p.$d25 cm 676 $a347.6$v16$zita 700 1$aSansotta,$bGiuseppe$0506691 801 0$aIT$bUNINA$gRICA$2UNIMARC 901 $aBK 912 $a990009137900403321 952 $aBusta 3 (19) 3$b69417$fFGBC 959 $aFGBC 996 $aParentela$9783169 997 $aUNINA LEADER 01417nam0 2200325 i 450 001 SUN0001719 005 20111017122655.941 010 $a88-243-1139-3 100 $a20020701d1995 |0itac50 ba 101 $aita 102 $aIT 105 $a|||| ||||| 200 1 $aClan gentilizio e strutture monogamiche$econtributo alla storia della famiglia romana$fGennaro Franciosi 205 $a5. ed 210 $aNapoli$cJovene$d[1995] 215 $aXVI, 354 p.$d22 cm. 606 $aFamiglia$xDiritto romano$2FI$3SUNC001296 606 $aGentes$2FI$3SUNC001319 620 $dNapoli$3SUNL000005 676 $a346.37015$v21 700 1$aFranciosi$b, Gennaro$3SUNV001776$0142409 712 $aJovene$3SUNV000014$4650 801 $aIT$bSOL$c20181109$gRICA 912 $aSUN0001719 950 $aUFFICIO DI BIBLIOTECA DEL DIPARTIMENTO DI GIURISPRUDENZA$d00 CONS XVIII.Eea.1 $e00 7573 950 $aUFFICIO DI BIBLIOTECA DEL DIPARTIMENTO DI GIURISPRUDENZA$d00 CONS XVIII.Eea.1 bis $e00 7574 995 $aUFFICIO DI BIBLIOTECA DEL DIPARTIMENTO DI GIURISPRUDENZA$h7573$kCONS XVIII.Eea.1$op$qa 995 $aUFFICIO DI BIBLIOTECA DEL DIPARTIMENTO DI GIURISPRUDENZA$h7574$kCONS XVIII.Eea.1 bis$op$qa 996 $aClan gentilizio e strutture monogamiche$9284868 997 $aUNICAMPANIA